000 01291nam0a2200337 4500
001 RU\NLR\bibl\1314815
005 20260405145957.0
010 _a978-5-17-046378-7
010 _a978-5-226-00695-1
_bВКТ
_95000
021 _aRU
_b2008-90939
_95315
021 _aRU
_b2010-9101
_9598
035 _a(NLR Aleph) 001300211
090 _a614421
_c614421
100 _a20090114d2008 |||y0rusy50 ca
101 0 _arus
102 _aRU
105 _aa |||||||||
200 1 _aВыбираем счастливое имя малышу
_fИрина Филиппова
210 _aМосква [и др.]
_cАСТ [и др.]
_d2008
215 _a319, [1] с.
_cил.
_d21
300 _aНа обороте тит. л. авт.: И. Филиппова - театровед
300 _aНа обл. авт. не указан
606 1 _aХарактер
_xВлияние имени
_92082710
_3RU\NLR\auth\661258737
606 1 _aСобственные имена
_91154185
_3RU\NLR\auth\66461008
686 _aЮ937.26
700 1 _4070
_8rus
_7ca
_aФилиппова
_bИ. В.
_cпопуляризатор
_gИрина Владимировна
_3RU\NLR\auth\7761339
_944269
801 0 _aRU
_bNLR
_c20090114
_gRCR
801 1 _aRU
_bNLR
_c20090114
942 _cBOOK
980 _aNB